000
00278nam a22001217a 4500
008
181205b xxu||||| |||| 00| 0 eng d
041
_a
eng
080
_a
720
100
_a
41
101
_a
ARK
245
_a
Knowledge through Color Architecture
_c
Dalzell,W.R
942
_2
udc
_c
BK
999
_c
52859
_d
52859